000 00476nam a2200181Ia 4500
001 9894
005 20260306161752.0
008 260306t2015||||xx |||||||||||||| ||spa||
041 _aESP
082 _a808.0461
_bM16
100 _aMagrinyà, Luis
_eAUT
245 0 _aEstilo rico, estilo pobre:
_btodas las dudas: guía para expresarse y escribir mejor
260 _c2015
300 _a266 páginas :
_c24 cm.
650 _aGEN
654 _aCHU
942 _cLIB
_dJUS
_fJUS
_2ddc
_n
999 _c9894
_d9894